| 000 | 00348 a2200109 4500 | ||
|---|---|---|---|
| 001 | ART_47242 | ||
| 005 | 20260410162012.0 | ||
| 008 | 260409a | ||
| 245 | 1 | 0 | _aLa (no) planificación en la Argentina de los '90 y los 2000 |
| 100 | 1 | _aMüller, Alberto E.G. | |
| 773 | 0 |
_tRealidad económica _g- Nº 260 (mayo/jun. 2011) _wREV39723 |
|
| 999 |
_c32326 _d32326 |
||